[Event "FRA-ch U18"]
[Site "Montbeliard"]
[Date "2014.04.27"]
[Round "9"]
[White "Lamard, Guillaume"]
[Black "Messinger, Karl"]
[Result "1/2-1/2"]
[WhiteElo "2316"]
[BlackElo "2204"]
[PlyCount "82"]
[EventDate "2014.04.21"]
[EventType "swiss"]
[EventRounds "9"]
[EventCountry "FRA"]
[SourceTitle "CBM 160 Extra"]
[Source "ChessBase"]
[SourceDate "2014.07.01"]
[SourceVersion "1"]
[SourceVersionDate "2014.07.01"]
[SourceQuality "1"]

1. Nf3 Nf6 2. c4 e6 3. g3 a6 4. Bg2 b5 5. b3 Bb7 6. 0-0 c5 7. Bb2 Be7 8. d3 0-0 9. Nbd2 d6 10. e3 Nbd7 11. Qc2 Qb6 12. Rac1 Rac8 13. Qb1 Qa7 14. Qa1 Qa8 15. Rfe1 Rfd8 16. e4 Rc7 17. Re2 Bf8 18. Rce1 Ng4 19. h3 Nge5 20. Qb1 Nxf3+ 21. Nxf3 Be7 22. Qc1 Bf6 23. Bxf6 Nxf6 24. Qf4 Rcd7 25. Nh2 bxc4 26. dxc4 e5 27. Qe3 Re7 28. h4 Qc8 29. Rd2 g6 30. Red1 Qe6 31. Qe2 h5 32. Nf1 Kg7 33. Qd3 Ne8 34. Ne3 Nc7 35. Kh2 Bc8 36. Nd5 Nxd5 37. Qxd5 Bb7 38. Qxe6 Rxe6 39. Kg1 Kf6 40. f3 Ke7 41. Bh3 f5 1/2-1/2

[Event "FRA-ch U18"]
[Site "Montbeliard"]
[Date "2014.04.26"]
[Round "8"]
[White "Messinger, Karl"]
[Black "Marimoutou, Loic"]
[Result "1-0"]
[WhiteElo "2204"]
[BlackElo "2040"]
[PlyCount "83"]
[EventDate "2014.04.21"]
[EventType "swiss"]
[EventRounds "9"]
[EventCountry "FRA"]
[SourceTitle "CBM 160 Extra"]
[Source "ChessBase"]
[SourceDate "2014.07.01"]
[SourceVersion "1"]
[SourceVersionDate "2014.07.01"]
[SourceQuality "1"]

1. e4 e5 2. Nf3 Nc6 3. Bb5 a6 4. Ba4 Nf6 5. 0-0 b5 6. Bb3 Bc5 7. a4 Rb8 8. Nxe5 Nxe5 9. d4 Bxd4 10. Qxd4 d6 11. f4 c5 12. Qd1 Nc6 13. e5 dxe5 14. Qxd8+ Nxd8 15. fxe5 Ng4 16. Bd5 Be6 17. Be4 b4 18. Bf4 h5 19. Nd2 Rc8 20. h3 Nh6 21. c3 Nf5 22. cxb4 cxb4 23. Rac1 Nd4 24. Kf2 0-0 25. Nf3 Nxf3 26. Bxf3 Bc4 27. Bd5 Bxf1 28. Rxc8 Bd3 29. Ke3 Bf5 30. Ra8 Ne6 31. Rxa6 Nc7 32. Rd6 Nxd5+ 33. Rxd5 Rc8 34. a5 Ra8 35. Kd4 Kh7 36. Bd2 Be6 37. Bxb4 Bxd5 38. Kxd5 Kg6 39. Kc6 Kf5 40. Kb7 Rd8 41. Bd6 Ra8 42. Bb4 1-0

[Event "Marseille op 6th"]
[Site "Marseille"]
[Date "2013.12.27"]
[Round "3"]
[White "Vovk, Yuri"]
[Black "Messinger, Karl"]
[Result "1/2-1/2"]
[WhiteElo "2594"]
[BlackElo "2190"]
[PlyCount "79"]
[EventDate "2013.12.26"]
[EventType "swiss"]
[EventRounds "9"]
[EventCountry "FRA"]
[SourceTitle "CBM 158 Extra"]
[Source "ChessBase"]
[SourceDate "2014.02.28"]
[SourceVersion "1"]
[SourceVersionDate "2014.02.28"]
[SourceQuality "1"]

1. c4 e5 2. g3 c6 3. d4 e4 4. Nc3 d5 5. Nh3 Bb4 6. Qb3 a5 7. c5 Ne7 8. a3 Bxc3+ 9. bxc3 h5 10. f3 a4 11. Qb1 exf3 12. exf3 Bf5 13. Qxb7 Nd7 14. Bf4 0-0 15. Kf2 Qa5 16. Qb4 Qa7 17. Qb2 Rfe8 18. Re1 Nf8 19. Bd6 Ne6 20. Nf4 Nc8 21. Nxe6 Nxd6 22. Nxg7 Rxe1 23. Kxe1 Rb8 24. Qd2 Qe7+ 25. Kf2 Kxg7 26. cxd6 Qxd6 27. Be2 Bg6 28. Ra1 Rb3 29. Qc1 Qb8 30. Bd1 Rb2+ 31. Kg1 h4 32. Qg5 hxg3 33. Qxg3 Qb5 34. h4 Kh7 35. Qe5 Qd3 36. h5 Be4 37. Qf4 Bf5 38. Bxa4 Be6 39. Re1 Qxd4+ 40. cxd4 1/2-1/2

[Event "Avoine op 28th"]
[Site "Avoine"]
[Date "2013.07.28"]
[Round "9"]
[White "Stephan, Victor"]
[Black "Messinger, Karl"]
[Result "1-0"]
[WhiteElo "2337"]
[BlackElo "2119"]
[PlyCount "61"]
[EventDate "2013.07.20"]
[EventType "swiss"]
[EventRounds "9"]
[EventCountry "FRA"]
[SourceTitle "CBM 155 Extra"]
[Source "ChessBase"]
[SourceDate "2013.08.26"]
[SourceVersion "1"]
[SourceVersionDate "2013.08.26"]
[SourceQuality "1"]

1. d4 Nf6 2. c4 e6 3. g3 d5 4. Nf3 dxc4 5. Bg2 Nc6 6. Qa4 Bb4+ 7. Bd2 Bd6 8. 0-0 0-0 9. Qxc4 e5 10. d5 Ne7 11. Nc3 c6 12. dxc6 Nxc6 13. Rfd1 Be6 14. Qa4 Be7 15. b4 a6 16. b5 axb5 17. Qxb5 Qc7 18. Rab1 Rfb8 19. a4 h6 20. Be3 Nd7 21. Nd5 Bxd5 22. Qxd5 Nf6 23. Qb5 Qa5 24. Nd2 Nb4 25. Nc4 Qxa4 26. Qxe5 Qe8 27. Qc3 Qb5 28. Nd6 Bxd6 29. Rxd6 Nfd5 30. Qc5 Ra5 31. Rxd5 1-0

[Event "Avoine op 28th"]
[Site "Avoine"]
[Date "2013.07.27"]
[Round "8"]
[White "Messinger, Karl"]
[Black "Petre, Nad Titus"]
[Result "1-0"]
[WhiteElo "2119"]
[BlackElo "2371"]
[PlyCount "85"]
[EventDate "2013.07.20"]
[EventType "swiss"]
[EventRounds "9"]
[EventCountry "FRA"]
[SourceTitle "CBM 155 Extra"]
[Source "ChessBase"]
[SourceDate "2013.08.26"]
[SourceVersion "1"]
[SourceVersionDate "2013.08.26"]
[SourceQuality "1"]

1. e4 c5 2. Nf3 e6 3. d4 cxd4 4. Nxd4 a6 5. Nc3 b5 6. Bd3 Bb7 7. f4 b4 8. Na4 d6 9. a3 Nf6 10. Qe2 d5 11. e5 Ne4 12. axb4 Bxb4+ 13. c3 Be7 14. 0-0 Nd7 15. f5 Nxe5 16. fxe6 0-0 17. exf7+ Rxf7 18. Rxf7 Nxf7 19. Bf4 Bd6 20. Bxd6 Qxd6 21. Bxe4 dxe4 22. b4 Rc8 23. Nc5 Rxc5 24. bxc5 Qxc5 25. Qb2 Nd6 26. Qb3+ Kh8 27. Rf1 h6 28. Rf8+ Kh7 29. Qg8+ Kg6 30. h4 Bc8 31. Rd8 Bg4 32. h5+ Kxh5 33. Qxg7 Nf5 34. Qf7+ Kh4 35. Rd5 Qb6 36. Rxf5 Bxf5 37. Qxf5 Qb1+ 38. Qf1 Qxf1+ 39. Kxf1 a5 40. c4 Kg5 41. c5 Kf6 42. c6 Ke7 43. Nb5 1-0

[Event "Avoine op 28th"]
[Site "Avoine"]
[Date "2013.07.22"]
[Round "3"]
[White "Haub, Thorsten Michael"]
[Black "Messinger, Karl"]
[Result "1-0"]
[WhiteElo "2471"]
[BlackElo "2119"]
[PlyCount "73"]
[EventDate "2013.07.20"]
[EventType "swiss"]
[EventRounds "9"]
[EventCountry "FRA"]
[SourceTitle "CBM 155 Extra"]
[Source "ChessBase"]
[SourceDate "2013.08.26"]
[SourceVersion "1"]
[SourceVersionDate "2013.08.26"]
[SourceQuality "1"]

1. g3 Nf6 2. Bg2 d5 3. d3 e6 4. Nf3 b5 5. 0-0 Be7 6. Nbd2 c5 7. e4 Bb7 8. c3 Nc6 9. Re1 dxe4 10. dxe4 0-0 11. Qe2 a6 12. h4 Qd7 13. e5 Nd5 14. Ne4 Rfd8 15. Bg5 f6 16. exf6 gxf6 17. Bh3 Bc8 18. Nxf6+ Bxf6 19. Bxf6 Nxf6 20. Bxe6+ Qxe6 21. Qxe6+ Bxe6 22. Rxe6 Ng4 23. Rxc6 Rf8 24. Rxc5 Rxf3 25. Rg5+ Kf7 26. Rxg4 Rd8 27. Kg2 Rfd3 28. Re1 Rd2 29. Rf4+ Kg8 30. b4 Rxa2 31. Re7 Rdd2 32. h5 h6 33. Rf6 Rdc2 34. Rc7 Re2 35. g4 Rec2 36. g5 hxg5 37. h6 1-0

[Event "Avoine op 27th"]
[Site "Avoine"]
[Date "2012.07.27"]
[Round "7"]
[White "Godart, Francois"]
[Black "Messinger, Karl"]
[Result "1-0"]
[WhiteElo "2317"]
[BlackElo "2060"]
[PlyCount "97"]
[EventDate "2012.07.21"]
[EventType "swiss"]
[EventRounds "9"]
[EventCountry "FRA"]
[SourceTitle "CBM 149 Extra"]
[Source "ChessBase"]
[SourceDate "2012.08.24"]
[SourceVersion "1"]
[SourceVersionDate "2012.08.24"]
[SourceQuality "1"]

1. d4 Nf6 2. Bg5 g6 3. Bxf6 exf6 4. e3 Bg7 5. Ne2 d5 6. Nd2 0-0 7. g3 c6 8. Bg2 a5 9. 0-0 Na6 10. Nf4 Be6 11. c4 dxc4 12. Nxe6 fxe6 13. Nxc4 b5 14. Nd2 Rc8 15. Rc1 Qd7 16. Qf3 Nb4 17. a3 Nd3 18. Rxc6 Nxb2 19. Rb1 Nc4 20. Nxc4 bxc4 21. Rc1 Rxc6 22. Qxc6 Qxc6 23. Bxc6 Rb8 24. Rxc4 Bf8 25. a4 Bb4 26. Bd7 Rb6 27. Rc7 Rd6 28. Kg2 Rb6 29. Kf3 Be1 30. Ke2 Bb4 31. e4 f5 32. e5 Kf7 33. Bb5+ Kg8 34. Kd3 h6 35. Kc4 Rb8 36. Bd7 Rb6 37. f4 Kf8 38. Ra7 Kg8 39. d5 exd5+ 40. Kxd5 Kf8 41. Bc6 Kg8 42. e6 Kf8 43. Rf7+ Kg8 44. e7 Bxe7 45. Rxe7 Rb2 46. Ke6 Rxh2 47. Kf6 Rh3 48. Bd5+ Kf8 49. Bf7 1-0

[Event "FRA-chT U20"]
[Site "France"]
[Date "2012.05.28"]
[Round "?"]
[White "Slim, Ramy"]
[Black "Messinger, Karl"]
[Result "0-1"]
[WhiteElo "1575"]
[BlackElo "2041"]
[PlyCount "74"]
[EventDate "2012.05.26"]
[EventType "team-swiss"]
[EventRounds "9"]
[EventCountry "FRA"]
[SourceTitle "EXT 2014"]
[Source "ChessBase"]
[SourceDate "2013.11.20"]
[SourceVersion "1"]
[SourceVersionDate "2013.11.20"]
[SourceQuality "1"]

1. d4 Nf6 2. c4 e6 3. a3 d5 4. Nc3 Be7 5. Nf3 0-0 6. e3 a6 7. Bd3 dxc4 8. Bxc4 b5 9. Ba2 c5 10. 0-0 Bb7 11. Ne5 Nc6 12. Ne2 Qc7 13. f4 Rad8 14. Qc2 Qb6 15. f5 cxd4 16. Nxc6 Bxc6 17. Nxd4 Be4 18. Qf2 e5 19. Ne2 Rd7 20. b4 Rfd8 21. h3 Rd1 22. Bb2 Rxf1+ 23. Kxf1 Qd6 24. Bb3 Bd3 25. Kg1 Ne4 26. Qe1 Qb6 27. Nc3 Bg5 28. Nd5 Qh6 29. Bc1 Bh4 30. Qd1 Bf2+ 31. Kh2 Bg3+ 32. Kg1 Nf2 33. Qf3 Nxh3+ 34. gxh3 Qxh3 35. Qg2 Bh2+ 36. Kf2 Qh4+ 37. Kf3 e4# 0-1

[Event "FRA-chT U20 1112"]
[Site "France"]
[Date "2011.12.17"]
[Round "4"]
[White "Messinger, Karl"]
[Black "Poulet, Pierre Emmanuel"]
[Result "0-1"]
[WhiteElo "2028"]
[BlackElo "1937"]
[PlyCount "88"]
[EventDate "2011.12.03"]
[EventType "team-swiss"]
[EventRounds "7"]
[EventCountry "FRA"]
[SourceTitle "EXT 2013"]
[Source "ChessBase"]
[SourceDate "2012.11.22"]
[SourceVersion "1"]
[SourceVersionDate "2012.11.22"]
[SourceQuality "1"]

1. e4 c5 2. Nf3 e6 3. d4 cxd4 4. Nxd4 Nc6 5. Nc3 Qc7 6. Nxc6 bxc6 7. Bd3 d5 8. 0-0 Nf6 9. Re1 Be7 10. e5 Nd7 11. Qg4 g6 12. Qg3 h5 13. Bg5 h4 14. Qf4 Bxg5 15. Qxg5 Rh5 16. Qf4 Nxe5 17. Be2 g5 18. Nxd5 cxd5 19. Bb5+ Ke7 20. Qxe5 Qxe5 21. Rxe5 Rb8 22. a4 Kd6 23. Re3 a6 24. Be2 Rh8 25. Rb1 Rb4 26. b3 e5 27. c3 Rb8 28. b4 f5 29. Rd3 Kc6 30. b5+ axb5 31. Rd2 Kc5 32. Rdb2 Bd7 33. axb5 Rb6 34. Rb4 Rhb8 35. c4 d4 36. f3 e4 37. Kf2 Ra8 38. Bf1 Be6 39. g4 e3+ 40. Ke2 fxg4 41. fxg4 Bxg4+ 42. Ke1 Bf5 43. R1b2 Ra1+ 44. Ke2 Bg4+ 0-1

[Event "FRA-chT U20 1112"]
[Site "France"]
[Date "2011.12.03"]
[Round "1"]
[White "Venard, Paul Andre"]
[Black "Messinger, Karl"]
[Result "1/2-1/2"]
[WhiteElo "1764"]
[BlackElo "2028"]
[PlyCount "125"]
[EventDate "2011.12.03"]
[EventType "team-swiss"]
[EventRounds "7"]
[EventCountry "FRA"]
[SourceTitle "EXT 2013"]
[Source "ChessBase"]
[SourceDate "2012.11.22"]
[SourceVersion "1"]
[SourceVersionDate "2012.11.22"]
[SourceQuality "1"]

1. Nf3 Nf6 2. c4 e6 3. Nc3 d5 4. d4 Bb4 5. Bg5 c6 6. Qc2 0-0 7. e3 Nbd7 8. Bd3 h6 9. Bh4 Be7 10. 0-0 a6 11. c5 b5 12. b4 a5 13. a3 g5 14. Bg3 Nh5 15. e4 g4 16. Nd2 Nxg3 17. hxg3 Bg5 18. Nb3 a4 19. Na5 Qc7 20. exd5 exd5 21. Nxb5 cxb5 22. Bxb5 Ba6 23. Qxa4 Bxb5 24. Qxb5 Nf6 25. Qc6 Rfc8 26. Qxc7 Rxc7 27. Nb3 Rb8 28. Rfb1 Ne4 29. Na5 Bd2 30. Rd1 Bc3 31. Rab1 Bd2 32. Rb2 Bg5 33. b5 Bf6 34. b6 Rxc5 35. dxc5 Bxb2 36. Rxd5 Nxc5 37. Rxc5 Rxb6 38. Nc4 Rb8 39. Nxb2 Rxb2 40. Rc4 f5 41. Rf4 Ra2 42. a4 Kg7 43. f3 gxf3 44. gxf3 Kg6 45. Kf1 Kg5 46. Rb4 Kg6 47. Rc4 Kg5 48. Rd4 Kh5 49. Rd5 Kg6 50. a5 Kf6 51. Rb5 Kg6 52. Rb6+ Kh5 53. Rb5 Kg6 54. Rb6+ Kh5 55. a6 Kg5 56. Rd6 Kh5 57. Kg1 Kg5 58. Rb6 Kh5 59. Kf1 Kg5 60. Ke1 f4 61. gxf4+ Kxf4 62. Rxh6 Kxf3 63. Kd1 1/2-1/2

[Event "St Chely d'Aubrac op 11th"]
[Site "St Chely d'Aubrac"]
[Date "2011.07.12"]
[Round "5"]
[White "De Leeuw, Johannes"]
[Black "Messinger, Karl"]
[Result "1/2-1/2"]
[WhiteElo "1827"]
[BlackElo "1988"]
[PlyCount "114"]
[EventDate "2011.07.09"]
[EventType "swiss"]
[EventRounds "7"]
[EventCountry "FRA"]
[SourceTitle "CBM 143 Extra"]
[Source "ChessBase"]
[SourceDate "2011.08.29"]
[SourceVersion "1"]
[SourceVersionDate "2011.08.29"]
[SourceQuality "1"]

1. e4 c5 2. Nf3 Nc6 3. c3 d6 4. Be2 Nf6 5. d3 e5 6. 0-0 g6 7. Nbd2 Bg7 8. Re1 0-0 9. Nf1 Nh5 10. Ng3 Nf4 11. Bf1 h5 12. Ne2 g5 13. g3 Bg4 14. Nxf4 gxf4 15. h3 Bxf3 16. Qxf3 Qg5 17. Be2 h4 18. Kh2 hxg3+ 19. fxg3 fxg3+ 20. Qxg3 Qxg3+ 21. Kxg3 Ne7 22. Bg4 f5 23. exf5 Nxf5+ 24. Kh2 Nh4 25. Kg3 Ng6 26. Bg5 Rae8 27. Rf1 Nf4 28. Rad1 Rf7 29. Bxf4 exf4+ 30. Kg2 Re3 31. Rf3 Re2+ 32. Rf2 Rxf2+ 33. Kxf2 Re7 34. Re1 Be5 35. Kf3 Kf7 36. Bh5+ Kf6 37. Bg4 b5 38. Re2 d5 39. b3 a5 40. d4 cxd4 41. cxd4 Bxd4 42. Rxe7 Kxe7 43. Kxf4 Kd6 44. Kf3 Kc5 45. Be6 Bf6 46. Ke2 Kd4 47. Bd7 b4 48. Kd2 Ke4 49. Bg4 Bg5+ 50. Kd1 Kd3 51. Be6 d4 52. Bc4+ Kc3 53. Ke2 Be3 54. h4 Kb2 55. Kd3 Kxa2 56. h5 Ka3 57. Kc2 Bh6 1/2-1/2

[Event "FRA-ch U16"]
[Site "Montlucon"]
[Date "2011.04.22"]
[Round "7"]
[White "Messinger, Karl"]
[Black "Neri, Jean Baptiste"]
[Result "0-1"]
[WhiteElo "1966"]
[BlackElo "2052"]
[PlyCount "68"]
[EventDate "2011.04.17"]
[EventType "swiss"]
[EventRounds "9"]
[EventCountry "FRA"]
[SourceTitle "CBM 142 Extra"]
[Source "ChessBase"]
[SourceDate "2011.06.27"]
[SourceVersion "1"]
[SourceVersionDate "2011.06.27"]
[SourceQuality "1"]

1. e4 c5 2. Nf3 e6 3. d4 cxd4 4. Nxd4 a6 5. Nc3 b5 6. Be2 Bb7 7. 0-0 Nc6 8. Be3 Nge7 9. Nb3 d6 10. f4 g6 11. f5 gxf5 12. exf5 Nxf5 13. Rxf5 exf5 14. Nd5 Ne5 15. Qd2 Rg8 16. Rf1 Nc4 17. Bxc4 bxc4 18. Na5 Bxd5 19. Qxd5 Rc8 20. Re1 Be7 21. Nc6 Rxc6 22. Qxc6+ Qd7 23. Qa8+ Qd8 24. Qxa6 Rg6 25. Qxc4 Qa8 26. g3 Kf8 27. Bd4 f4 28. Qc7 Bh4 29. Bf2 fxg3 30. hxg3 Bxg3 31. Qe7+ Kg7 32. Bd4+ Be5+ 33. Kf2 Bxd4+ 34. Ke2 Re6+ 0-1

[Event "FRA-ch U16"]
[Site "Montlucon"]
[Date "2011.04.21"]
[Round "6"]
[White "Roubaud, Alexandre"]
[Black "Messinger, Karl"]
[Result "1/2-1/2"]
[WhiteElo "2081"]
[BlackElo "1966"]
[PlyCount "98"]
[EventDate "2011.04.17"]
[EventType "swiss"]
[EventRounds "9"]
[EventCountry "FRA"]
[SourceTitle "CBM 142 Extra"]
[Source "ChessBase"]
[SourceDate "2011.06.27"]
[SourceVersion "1"]
[SourceVersionDate "2011.06.27"]
[SourceQuality "1"]

1. e4 c5 2. Nf3 Nc6 3. d4 cxd4 4. Nxd4 g6 5. Nc3 Bg7 6. Be3 Nf6 7. Bc4 Qa5 8. 0-0 0-0 9. Nb3 Qc7 10. f4 d6 11. Be2 b6 12. Qd2 Bb7 13. Rad1 Rfc8 14. Bf3 Ba6 15. Rf2 Rab8 16. g4 Na5 17. Nxa5 bxa5 18. g5 Ne8 19. Nd5 Qd8 20. Bd4 Bc4 21. Bxg7 Nxg7 22. Bg4 Rc5 23. b3 Bxd5 24. exd5 a4 25. Qd3 Qa5 26. Qe4 axb3 27. axb3 Rb7 28. Rd4 Rc3 29. Ra4 Qc5 30. Kg2 Rc7 31. Rb4 Nf5 32. Bxf5 gxf5 33. Rb8+ Kg7 34. Qxf5 Rxc2 35. Rxc2 Qxc2+ 36. Qxc2 Rxc2+ 37. Kg3 Rc5 38. Rb7 Rxd5 39. Rxe7 Rd3+ 40. Kg4 Rxb3 41. Rxa7 d5 42. Rd7 Rd3 43. h4 Rd1 44. f5 Kf8 45. f6 Ke8 46. Re7+ Kf8 47. Ra7 Ke8 48. Re7+ Kf8 49. Ra7 Ke8 1/2-1/2

[Event "FRA-ch U16"]
[Site "Montlucon"]
[Date "2011.04.19"]
[Round "4"]
[White "Messinger, Karl"]
[Black "Ringuet, Noe"]
[Result "1-0"]
[WhiteElo "1966"]
[BlackElo "2016"]
[PlyCount "139"]
[EventDate "2011.04.17"]
[EventType "swiss"]
[EventRounds "9"]
[EventCountry "FRA"]
[SourceTitle "CBM 142 Extra"]
[Source "ChessBase"]
[SourceDate "2011.06.27"]
[SourceVersion "1"]
[SourceVersionDate "2011.06.27"]
[SourceQuality "1"]

1. e4 e5 2. Nf3 d6 3. d4 exd4 4. Nxd4 Nf6 5. Nc3 Be7 6. Be2 0-0 7. 0-0 Re8 8. f4 Bf8 9. Bf3 c5 10. Nde2 Nc6 11. h3 Qb6 12. Be3 Qxb2 13. g4 Nb4 14. a3 Nxc2 15. Bc1 Qb3 16. Rb1 Qc4 17. Qxc2 Rb8 18. Ng3 b5 19. Be2 Qd4+ 20. Kg2 c4 21. Rd1 Qc5 22. g5 Nd7 23. Rd5 Qc6 24. Rdxb5 Rxb5 25. Nxb5 Bb7 26. Bf3 a6 27. Nd4 Qc7 28. Bd2 g6 29. Rc1 Rc8 30. Bg4 d5 31. e5 Re8 32. Qa4 Rd8 33. e6 Nc5 34. exf7+ Qxf7 35. Qa5 Re8 36. Qb6 Nd3 37. Be6 Rxe6 38. Qxe6 Qxe6 39. Nxe6 Nxc1 40. Bxc1 d4+ 41. Kf2 Bc8 42. Nxd4 Bxh3 43. Ne4 Kf7 44. Ke2 Bc8 45. Kd2 Bb7 46. Ng3 h6 47. Kc3 hxg5 48. fxg5 Bd5 49. Nge2 Ke8 50. Nf4 Bf7 51. Nfe6 Bd6 52. Kxc4 Kd7 53. Kd5 Bb8 54. Kc5 Ba7+ 55. Kb4 Bxe6 56. Nxe6 Kxe6 57. Ka5 Kd7 58. Kxa6 Bc5 59. Kb7 Be7 60. a4 Bd8 61. Bd2 Ke6 62. a5 Bxa5 63. Bxa5 Kf7 64. Bd2 Ke6 65. Kc6 Ke7 66. Kd5 Kf7 67. Kd6 Kf8 68. Ke6 Kg8 69. Kf6 Kh7 70. Kf7 1-0

[Event "St Chely d'Aubrac op 10th"]
[Site "St Chely d'Aubrac"]
[Date "2010.07.12"]
[Round "4"]
[White "Messinger, Karl"]
[Black "Batteux, Mickael"]
[Result "1/2-1/2"]
[WhiteElo "1870"]
[BlackElo "2003"]
[PlyCount "78"]
[EventDate "2010.07.10"]
[EventType "swiss"]
[EventRounds "9"]
[EventCountry "FRA"]
[SourceTitle "CBM 137 Extra"]
[Source "ChessBase"]
[SourceDate "2010.09.01"]
[SourceVersion "1"]
[SourceVersionDate "2010.09.01"]
[SourceQuality "1"]

1. e4 d5 2. exd5 Nf6 3. d4 Bg4 4. Be2 Bxe2 5. Nxe2 Qxd5 6. 0-0 Nc6 7. b3 0-0-0 8. c4 Qh5 9. Bb2 e6 10. Na3 Bd6 11. Ng3 Qxd1 12. Rfxd1 Bxa3 13. Bxa3 Rxd4 14. Rxd4 Nxd4 15. Rd1 Rd8 16. Kf1 Nf5 17. Rxd8+ Kxd8 18. Nxf5 exf5 19. Bb2 Ke7 20. Ke2 g6 21. Bxf6+ Kxf6 22. f4 Ke6 23. b4 Kd6 24. Kd3 c5 25. b5 f6 26. Kd2 Ke6 27. Ke2 g5 28. g3 Kf7 29. Kf3 Kg6 30. Kg2 Kf7 31. Kf3 Ke6 32. Ke2 Kd6 33. Kd2 Kc7 34. Kc3 h6 35. h3 Kd6 36. Kd2 Ke6 37. Ke2 Kf7 38. Kf2 Kg6 39. Kg2 Kh5 1/2-1/2

[Event "FRA-ch U14"]
[Site "Troyes"]
[Date "2010.04.18"]
[Round "9"]
[White "Messinger, Karl"]
[Black "Kambrath, Yannick"]
[Result "0-1"]
[WhiteElo "1902"]
[BlackElo "1941"]
[PlyCount "85"]
[EventDate "2010.04.11"]
[EventType "swiss"]
[EventRounds "9"]
[EventCountry "FRA"]
[SourceTitle "EXT 2012"]
[Source "ChessBase"]
[SourceDate "2011.11.24"]
[SourceVersion "1"]
[SourceVersionDate "2011.11.24"]
[SourceQuality "1"]

1. e4 e5 2. Nf3 Nc6 3. Bb5 a6 4. Ba4 Nf6 5. 0-0 b5 6. Bb3 Bb7 7. d3 Bd6 8. a4 Na5 9. Nc3 Nxb3 10. cxb3 b4 11. Ne2 0-0 12. Ng3 Re8 13. Nf5 Bf8 14. Bg5 h6 15. Bh4 g6 16. Ne3 Bg7 17. Qd2 Qe7 18. Bxf6 Qxf6 19. Qxb4 Rab8 20. Qc3 Bc6 21. Nc4 Ba8 22. Rac1 d5 23. Ncd2 Rec8 24. Qa5 Qd6 25. Rc5 Bf8 26. Rfc1 dxe4 27. dxe4 Rd8 28. Qxc7 Qf6 29. R5c2 Bd6 30. Qc3 g5 31. h3 h5 32. Qe3 g4 33. hxg4 hxg4 34. Nh2 Qg6 35. Qg3 Bb4 36. Qxe5 Bd6 37. Qc3 g3 38. fxg3 Bxg3 39. Nhf1 Bf4 40. Qf3 Qb6+ 41. Qf2 Qh6 42. g3 Bg5 43. Kg2 0-1